Gaming Quiz

Random Gaming or Pokémon Quiz
Score 0/18 Timer 03:00
0 Plays Today
Letter Pokémon % Correct
AQuilava, Yanma, Feraligatr...
97.8%
EBayleef, Sentret, Mareep...
86.8%
OTyphlosion, Porygon2, Croconaw...
86.8%
FCleffa, Igglybuff, Flaaffy...
81.3%
RFeraligatr, Furret, Murkrow...
79.1%
GIgglybuff, Girafarig, Gligar...
78%
TTotodile, Sentret, Hoothoot...
78%
HHoothoot, Chinchou, Ho-Oh
73.6%
CCroconaw, Chinchou
71.4%
Letter Pokémon % Correct
LBellossom, Marill, Azumarill...
71.4%
IChikorita, Girafarig, Qwilfish...
67%
SBellossom, Misdreavus, Forretress...
57.1%
PHoppip, Phanpy, Pupitar
52.7%
NLanturn, Sunkern, Unown...
51.6%
UJumpluff, Snubbull, Houndour...
51.6%
DSudowoodo, Teddiursa, Delibird
50.5%
BWobbuffet, Snubbull
49.5%
MMeganium, Smoochum
49.5%
Remove Ads.
Support Sporcle.
Get the best of Sporcle when you Go Orange. This ad-free experience offers more features, more stats, and more fun while also helping to support Sporcle. Thank you for becoming a member.

You're not logged in!

Compare scores with friends on all Sporcle quizzes.
OR
Log In

Show Comments

Extras

Created Sep 30, 2013ReportNominate
Tags:Letter Quiz, Pokémon Quiz, A-Z, Gen 2

Top Quizzes Today


Score Distribution

Your Account Isn't Verified!

In order to create a playlist on Sporcle, you need to verify the email address you used during registration. Go to your Sporcle Settings to finish the process.

Report this User

Report this user for behavior that violates our Community Guidelines.

Details: